| 000 | 00000nam##2200000za#4500 |
| 001 | 9.624894 |
| 003 | CaOODSP |
| 005 | 20240212134142 |
| 007 | ta |
| 008 | 150406|1998||||xxc||||| f|0| 0 fre|d |
| 022 | |a0825-0189 |
| 040 | |aCaOODSP|bfre |
| 043 | |an-cn--- |
| 086 | 1 |aNE12-3/8-1998F |
| 110 | 1 |aCanada. |bOffice national de l'énergie. |
| 245 | 10|aÉlectricité |
| 260 | |aCalgary - Alberta : |bOffice national de l'énergie |c1998. |
| 300 | |a4p. ; |c28 cm. |
| 490 | 1 |aBulletin d'information |x0825-0189|vVIII |
| 500 | |a«Le bulletin illustre la manière dont l'Office s'acquitte de ses responsabilités dans le domaine de la réglementation de l'électricité.»--Conclusion. |
| 520 | 3 |aLe bulletin illustre la manière dont l'Office s'acquitte de ses responsabilités dans le domaine de la réglementation de l'électricité.--Conclusion |
| 563 | |aPolycopié |
| 590 | |a98-39|b1998-09-25 |
| 776 | 0#|tÉlectricité |w(CaOODSP)9.603264 |
| 830 | #0|aBulletin d'information,|x0825-0189|vVIII|w(CaOODSP)9.513158 |